[Event "EU-ch 6th"]
[Site "Warsaw"]
[Date "2005.06.21"]
[Round "4"]
[White "Tiviakov, Sergei"]
[Black "Nyback, Tomi"]
[Result "1-0"]
[WhiteElo "2631"]
[BlackElo "2551"]
[Annotator "Atlas,V"]
[PlyCount "63"]
[EventDate "2005.06.18"]
[EventType "swiss"]
[EventRounds "13"]
[EventCountry "POL"]
[SourceTitle "CBM 108"]
[Source "ChessBase"]
[SourceDate "2005.09.26"]
[SourceVersion "1"]
[SourceVersionDate "2005.09.26"]
[SourceQuality "1"]

1. e4 d6 2. d4 Nf6 3. Nc3 g6 4. Bg5 Bg7 5. Qd2 h6 6. Bh4 g5 7. Bg3 Nh5 8. O-O-O
e6 9. Nge2 Nd7 10. f3 Nxg3 11. hxg3 Nb6 12. g4 Bd7 13. Ng3 Rg8 14. Qe3 Qe7 15.
Nb5 Bxb5 16. Bxb5+ c6 17. Be2 O-O-O 18. Kb1 Kb8 19. c3 Rc8 20. Nh5 Bh8 21. Ng3
Bg7 22. Nh5 Bh8 23. Ng3 Qf8 24. Rd2 c5 25. Rhd1 cxd4 26. cxd4 Qe7 27. Qb3 d5
28. Nf1 e5 29. dxe5 dxe4 30. Ng3 exf3 (30... Bxe5 31. Nxe4 Rc7 {was also a
good continuation.}) 31. Bxf3 Bxe5 $4 ({This careless move is convincingly
refuted by White. After} 31... Qc7 {Black retained good counterchances.}) {
[%tqu "En","Black's last move was a serious mistake. How would you prove it?",
"Try to deflect the key defender of the enemy king.","The rook thrust should
decide the game...","d2d7","This nice long rook move wins immediately.",5,
"d2d7","",0]} 32. Rd7 $1 {[%csl Gb3,Rb6,Rb7,Rb8,Gd7,Re7,Gf3][%cal Gb3b7,Od7e7,
Ce7d7,Gf3b7]} (32. Rd7 $1 {This nice long rook move wins immediately:} Nxd7 (
32... Qxd7 33. Rxd7 Nxd7 34. Qxb7#) (32... Qe6 33. Rxb7+ Ka8 34. Rxb6+) 33.
Qxb7#) 1-0

[Event "Belfort Comtois 4th"]
[Site "Belfort"]
[Date "1999.12.21"]
[Round "9"]
[White "Zvjaginsev, Vadim"]
[Black "Gurevich, Mikhail"]
[Result "1/2-1/2"]
[WhiteElo "2652"]
[BlackElo "2643"]
[Annotator "Avrukh,B"]
[PlyCount "73"]
[EventDate "1999.12.13"]
[EventType "tourn"]
[EventRounds "6"]
[EventCountry "FRA"]
[EventCategory "15"]
[SourceTitle "CBM 075"]
[Source "ChessBase"]
[SourceDate "2000.04.05"]
[SourceVersion "1"]
[SourceVersionDate "2000.04.05"]
[SourceQuality "1"]

1. d4 {Gurevich,M} d6 2. e4 Nf6 3. Nc3 g6 4. g3 Bg7 5. Bg2 O-O 6. Nf3 Bg4 7. h3
Bxf3 8. Qxf3 (8. Bxf3 Nc6 9. Be3 e5 10. d5 Ne7 $6 (10... Nd4 $142 11. Bxd4 exd4
12. Qxd4 $2 Nxe4 13. Qxe4 Re8 $19) 11. g4 $1 (11. O-O Nd7 {[%cal Gf7f5]}) 11...
c6 12. g5 Ne8 13. Qd2 Nc7 (13... f5 14. gxf6 (14. exf5 gxf5) 14... Nxf6 15.
dxc6 bxc6 16. O-O-O $16) 14. dxc6 bxc6 15. O-O-O $16 {[%csl Gd6] 1/2-1/2 Hajek,
M-Pastircak,M/CZE 1999 (23)}) 8... Nc6 9. d5 $146 (9. Be3 e5 10. d5 Nd4 11. Qd1
c5 (11... c6 {looks more logical}) 12. dxc6 (12. O-O $14 {[%cal Gc3b1,Gc2c3]})
12... bxc6 13. O-O Rb8 14. Rb1 Re8 (14... Nd7 15. Ne2 Nxe2+ 16. Qxe2 Qc7 17. c3
Kh8 18. f4 (18. Rfd1) 18... exf4 19. gxf4 f5 $132 {1/2-1/2 Makarycheva
Ostrovskaya,M-Crouch,C/Cappelle la Grande 1993/TD (52)}) 15. Ne2 Nxe2+ 16. Qxe2
Qa5 17. b3 d5 $11 {1-0 Acs,G-Berta,K/HUN 1993/TD (65)}) 9... Nd4 10. Qd1 Nd7
11. Nb1 (11. Be3 c5) (11. O-O {Gurevich,M} c6 12. Be3 Nb5 13. Nxb5 cxb5 $132)
11... c6 (11... c5 $143 12. c3 Nb5 13. O-O $14) 12. c3 Nb5 13. O-O a5 $1 {
[%mdl 32] Very strong positional desicion, black intends to play a5-a4, so
white has to play a2-a4 by hisself which weakens the b3-square and gives to
black good play on the queenside.} 14. a4 Nc7 15. Na3 Na6 {Knight goes to very
nice square.} 16. Be3 (16. Nc4 Qc7 {[%cal Gc6d5]} 17. Bg5 $5 (17. Qe2 Nac5 {
[%cal Gc5b3]} 18. Be3 Rfe8 $11 {[%cal Ge7e6]}) 17... cxd5 18. Ne3 e6 19. exd5
e5 20. Nc2 f5 21. Na3 Ndc5 22. Nb5 Qd7 $13) 16... Qc7 17. h4 Nac5 (17... e6 $6
18. dxe6 (18. h5) 18... fxe6 19. h5 $36) 18. h5 Qb6 {[%csl Gb2,Rb3]} 19. hxg6 (
19. Nc4 Qa6 20. Nxa5 Qxa5 21. b4 Qc7 22. bxc5 Nxc5 $11 {[%csl Ga4,Gc3]}) 19...
hxg6 20. Qb1 Qc7 {[%csl Ga4]} (20... Qb3 21. Nc2 Nxa4 $2 22. Ra3 Qb5 (22...
Qxb2 {Gurevich,M} 23. Rxa4 Qxc3 24. Ra3 Qc4 25. Qxb7 $18) 23. c4 $1 $18 (23. c4
Qxc4 24. b3 $16)) 21. Nc2 {'?!' Gurevich,M.} (21. Qd1 $11 {Gurevich,M}) 21...
e6 {'?!' Gurevich,M.} (21... cxd5 {Gurevich,M} 22. exd5 Nb6 $15) 22. dxe6 Nxe6
$11 23. Nd4 Nec5 {[%csl Ge4]} 24. Qc2 Nf6 25. Nb3 {Black pressure to e4-pawn
is very upleasant,so white has to change knights.} Nxb3 26. Qxb3 Rfe8 27. Qc2
Re6 {[%cal Ga8e8]} 28. Bd4 Rae8 29. Bxf6 Bxf6 {[%cal Gc7b6]} 30. Qb3 Qb8 {
[%cal Gb8a7,Ga7c5]} 31. Qb6 Bd8 32. Qd4 Bc7 {[%cal Gb8d8,Gc7b6]} (32... Bf6 $11
) 33. b4 Bd8 {[%cal Gd8f6]} (33... Qd8 34. bxa5 Bxa5 35. Rab1 $11) 34. Rab1 Bf6
35. Qb6 Bd8 (35... Bxc3 $6 36. bxa5 {[%csl Gb7][%cal Ga5a6]} Qa8 37. Qxb7 (37.
a6 Qxa6 38. Qxa6 bxa6 39. Rfc1 Bd4 40. Rxc6 Rf6 $11) 37... Bxa5 38. Rfc1 $14)
36. Qd4 Bf6 37. Qb6 1/2-1/2

[Event "RUS-ch KO"]
[Site "Moscow"]
[Date "1999.12.20"]
[Round "3.4"]
[White "Grischuk, Alexander"]
[Black "Kharlov, Andrei"]
[Result "1-0"]
[WhiteElo "2549"]
[BlackElo "2615"]
[Annotator "Avrukh,B"]
[PlyCount "91"]
[EventDate "1999.12.04"]
[EventType "k.o."]
[EventRounds "6"]
[EventCountry "RUS"]
[SourceTitle "CBM 075"]
[Source "ChessBase"]
[SourceDate "2000.04.05"]
[SourceVersion "1"]
[SourceVersionDate "2000.04.05"]
[SourceQuality "1"]

1. e4 d6 2. d4 Nf6 3. Nc3 Nbd7 4. g3 e5 5. Nge2 c6 6. a4 Be7 7. Bg2 O-O 8. O-O
b6 9. h3 {There are also a few alternatives for white:} (9. d5 cxd5 10. Nxd5
Nxd5 11. Qxd5 Ba6 12. Re1 Rc8 13. Nc3 Rc4 {[%cal Gc4d4]} (13... Nf6 14. Qd1 Bb7
15. Bg5 $14 {[%csl Gd5]}) 14. Be3 Nf6 15. Qd1 Bb7 16. Qd3 Qc8 17. a5 d5 (17...
bxa5 18. Rxa5 (18. Bxa7 Ba6 $1) 18... a6 $11) 18. Nxd5 (18. exd5 Bb4 $132)
18... Bxd5 19. exd5 e4 20. Qd1 Rd8 21. axb6 axb6 22. c3 Rxd5 $2 (22... Nxd5 23.
Bd4 {[%csl Ge4]} f5 $1 {with playable position}) 23. Qb3 $16 {[%csl Gb6] 1-0
Godena,M-Schmidt Schaeffer,S/SUI 1996/CBM 55 ext (29)}) (9. b3 {doesn't looks
promising for white.} a6 10. Bb2 Qc7 11. Qd2 Bb7 12. Nd1 {[%cal Gd1e3]} Rfe8
13. Ne3 Bf8 {[%csl Ge4]} (13... exd4 14. Nxd4 c5 $2 15. Ndf5) 14. f3 Rad8 15.
Rad1 b5 $11 {1/2-1/2 Godena,M-Schmidt Schaeffer,S/SWZ 1995/CBM 49 ext (87)} (
15... d5 $5 16. exd5 cxd5 $11)) 9... Bb7 (9... Ba6 {in first sight looks even
like more active,but in fact there is nothing to do for this bishop in a6.The
most logical plan for black still remain a6 and b5.} 10. Be3 Re8 11. Re1 h5 $5
12. Qd2 Qc7 13. Rad1 Rad8 14. Qc1 $14 {1/2-1/2 Vujicic,M-Rukavina,J/Belgrade
1988/TD (45)}) 10. Be3 a6 11. g4 {[%mdl 4]} b5 12. Ng3 b4 $146 (12... Nb6 {
was played in previous game,but black didn't manage to solve opening problems
after} 13. b3 {[%csl Gc4]} exd4 14. Qxd4 c5 15. Qd2 b4 16. Nce2 a5 17. Nf4 Qc7
(17... d5 18. exd5 Nbxd5 19. Nxd5 Bxd5 20. Nf5 Bxg2 21. Qxd8 Bxd8 22. Kxg2 $16
{[%csl Ga5,Gc5]}) 18. Nfh5 $36 {1-0 Boulet,P-Loheac Amoun,F/FRA 1994/EXT 99 
(37)}) 13. Nce2 d5 {Very logical idea-black tryies to break through in the
centre,usually after such breakes in Pirc black gets nice play,but not in this
case,because white piecies are more active,and of course better prepared for
the such active play.} 14. dxe5 Nxe5 15. Bd4 $1 {Simple and strong} Ng6 16. e5
Nd7 17. f4 {[%mdl 16]} Nh4 (17... c5 18. Bf2 {[%csl Gd5]} Nb6 19. Nf5 a5 20. b3
$14) 18. Bh1 Nc5 $2 (18... c5 $142 19. Bf2 Nb6 20. b3 {[%cal Ga4a5]} a5 21. Qd2
{white is of course better,but black position is quite playable.}) 19. f5 f6
20. e6 $16 {For sure white won the opening battle;with such a strong pawn on
e6 and bad placed knight on h4 white must open play carefully and to convert
his advantage.The only problem of white is a weakening position of his king.}
a5 21. Qe1 {[%cal Ge1f2]} Ba6 22. Qf2 Qd6 {[%cal Gb4b3]} 23. b3 (23. Nh5 g5)
23... Ne4 24. Bxe4 (24. Nxe4 $5 dxe4 25. Ng3 $1 (25. Rfe1 Nf3+ 26. Bxf3 exf3
27. Ng3 c5 28. Bb2 Qc6 $132 29. Ne4 Be2) 25... Bxf1 (25... Rad8 26. Rfd1 e3 27.
Bxe3 Qxd1+ 28. Rxd1 Rxd1+ 29. Kh2 {[%cal Gg3e4]} Bd6 30. Bf4 $16) 26. Nxe4 Qc7
27. Rxf1 g5 (27... Rad8 28. Bb6 $18) 28. Bb6 Qb8 29. Rd1 {[%cal Gd1d7] with
winning position for white}) 24... dxe4 25. Nxe4 Qd5 26. N4g3 c5 (26... Bd6
$143 27. Be3 Bxg3 28. Nxg3 Bxf1 29. Rxf1 {[%cal Gg3h5]} g5 30. Nh5 h6 31. Bf4
$1 $16 {[%cal Gf4g3]}) 27. Be3 Bb7 28. Rad1 $2 (28. Rfd1 Nf3+ 29. Kf1 Qc6 30.
Rd7) 28... Qc6 $2 (28... Nf3+ $1 29. Qxf3 (29. Kh1 Nd2+ (29... Qc6) 30. Kg1
Nf3+ $11) 29... Qxf3 30. Rxf3 Bxf3 31. Rd7 Rfe8 32. Kf2 Bc6 33. Rc7 Rac8 34.
Ra7 Ra8 $11) 29. Rd7 Rfe8 30. Rfd1 Rac8 (30... Nf3+ {was more stubborn} 31. Kf1
Ne5 32. R7d2 Nf3 33. Rd5 Nd4 34. Rd7 Nxc2 35. Bf4 $16) 31. Nf4 Nf3+ 32. Kf1 Ne5
33. Nd5 Bf8 34. Nh5 (34. Bf4 $142 $1) 34... Kh8 35. Nhxf6 Nxd7 (35... gxf6 36.
Rxh7+ Kxh7 37. Qh4+ {with mate}) 36. Nxd7 (36. exd7 $143 gxf6 37. dxc8=Q Bxc8
$44 {[%csl Gf1]}) 36... Rcd8 37. Nf4 Bd6 (37... Qh1+ 38. Ke2 Qe4 39. Nd3 $16)
38. Nh5 Qh1+ (38... Ba6+ 39. Ke1 Qh1+ 40. Kd2 Qxh3 41. Kc1 $18) 39. Ke2 Qxh3
40. Rxd6 Qxg4+ 41. Kd2 Qxh5 42. f6 $1 gxf6 (42... Rxe6 $8 43. Rxe6 Rxd7+ 44.
Kc1 Kg8 45. Qg3 $16 {[%cal Gg3b8]}) 43. Qxf6+ Kg8 44. Bh6 Re7 (44... Qg6 45. e7
) 45. Qf7+ $3 {[%mdl 64]} Kh8 46. Bg7# 1-0

[Event "EU-ch 3rd"]
[Site "Batumi"]
[Date "2002.06.26"]
[Round "13"]
[White "Galkin, Alexander"]
[Black "Gagunashvili, Merab"]
[Result "0-1"]
[WhiteElo "2569"]
[BlackElo "2472"]
[Annotator "Avrukh,B"]
[PlyCount "68"]
[EventDate "2002.06.12"]
[EventType "swiss"]
[EventRounds "13"]
[EventCountry "GEO"]
[SourceTitle "CBM 090"]
[Source "ChessBase"]
[SourceDate "2002.09.20"]
[SourceVersion "1"]
[SourceVersionDate "2002.09.20"]
[SourceQuality "1"]

1. e4 d6 2. d4 Nf6 3. Nc3 g6 4. f3 c6 5. Be3 b5 6. Qd2 Nbd7 7. Nge2 Bg7 8. Nf4
{The favorite move of Alexander Galkin which braught him a few very important
wins,but in my opinion this move isn't dangerous for black at all.} (8. g4 Nb6
{[%cal Gb6c4]} 9. Ng3 Qc7 10. O-O-O Bb7 11. g5 Nfd7 12. h4 O-O-O 13. h5 Rhg8
$13) 8... Qc7 (8... Bb7 9. Nd3 a5 10. Qf2 (10. e5 b4 $1) 10... Nb6 11. b3 $1 {
[%csl Gc4]} a4 12. Be2 axb3 13. cxb3 O-O 14. O-O Nbd7 15. Rac1 $14 {Galkin,
A-Shabanov,Y/Russian Club Cup 1998 (15)}) (8... e5 $140 $6 9. dxe5 dxe5 10. Nd3
O-O 11. a4 $1 $16) 9. Be2 O-O 10. O-O e5 (10... Rb8 $5 11. b3 a6 12. Rac1 Bb7
13. a4 Rfd8 14. Rfd1 e5 {Black had made all preparation moves and it's time
for e5 now} 15. dxe5 dxe5 16. Nd3 Nf8 $1 {[%cal Gf8e6,Ge6d4]} 17. Qe1 Ne6 18.
Nc5 (18. Qf2) 18... Nd4 $11 {1/2-1/2 Galkin,A-Beliavsky,A/New Delhi/Theran
2000/CBM 81/[Finkel,A] (30)}) 11. dxe5 Nxe5 12. b3 (12. Rad1 Rd8 $13) 12... Bb7
13. a4 b4 (13... a6 $5) 14. Na2 a5 15. c3 $1 c5 (15... bxc3 16. Nxc3 Ba6 17.
Rac1 {[%cal Gc1c7]} Bxe2 18. Nfxe2 {[%cal Gc3b5]} Rfd8 19. Rfd1 Rab8 20. Nd4
$14) 16. Rad1 {[%csl Gd6]} Rfd8 $146 (16... c4 $5 17. Qc2 g5 18. Nd5 Nxd5 19.
exd5 $14 {Galkin,A-Kasimdzhanov,R/WJun 1999}) 17. Bb5 $2 {Incredibly
unaccurate move allowing black to break through in the centre} (17. c4 $1 {
was necessary ,preventing d6-d5} Nc6 $140 $6 18. Nc1 Nd4 19. Bxd4 cxd4 20. Bd3
{[%csl Gd4]} Nd7 21. Nce2 Nc5 22. Bc2 {winning a pawn}) 17... d5 {Of course!}
18. exd5 Nxd5 19. Nxd5 Rxd5 {The position is opened and black has clearly
better chances,because of bad placed knight on a2.} 20. Qf2 Rad8 21. Rxd5 Rxd5
22. Qe2 $2 {Very slow move for such a position,it was necessary to enter white
knight into the play} (22. cxb4 cxb4 23. Nc1 $1 Qd6 24. Ne2 Bc6 (24... Rd1 25.
Ng3 Rxf1+ 26. Nxf1 $11) (24... Nd3 $140 25. Qg3 Qe6 26. Qb8+ $1 Bc8 27. Qa7 {
holding the position}) 25. Bxc6 Nxc6 $1 {[%csl Gb3] and white still has a lot
of problems} (25... Qxc6 26. Nf4)) 22... Nc6 $1 23. Bf2 (23. Rc1 bxc3 (23...
Qe7 {[%cal Ge7e2]} 24. Bf4) 24. Nxc3 Nd4 25. Qc4 Rh5 $1 {[%csl Gh2]} 26. f4 Qc8
$17 {[%cal Gc8g4]}) (23. cxb4 Nd4 $1 24. Qf2 Nxb5 25. axb5 axb4 {[%csl Gb5]}
26. Rc1 Qd7 $17 {[%cal Gd5d1,Gd7b5]}) 23... Qd8 {[%cal Gd5d2]} 24. Bxc6 {
This move is almost capituliation,because with two opponent's bishops and bad
knight white cannot hold position} (24. Re1 Ne5 25. Be3 (25. cxb4 Rd2) 25...
bxc3 26. Nxc3 Nxf3+ 27. Qxf3 Bxc3 $17) 24... Bxc6 25. Qa6 Bd7 26. cxb4 cxb4 27.
Nc1 Be6 {The best square for black bishop} 28. Be3 h5 $1 29. Qe2 Qd6 {[%cal
Gg7e5]} 30. Qc2 Be5 31. h3 (31. f4 Bf6 $17 {[%csl Ge4,Gf3,Gg2]}) 31... Bc3 32.
Qe2 (32. Ne2 Bf5 33. Qc1 Bd2 $1 34. Bxd2 Rxd2 35. Re1 Qd3 36. Ng3 Bxh3 $1 37.
gxh3 Qd4+ 38. Kh1 Qf2 $19) 32... Bc8 $1 $19 {Decisive regrouping of the bishop}
33. Qf2 (33. Bf4 Qxf4 34. Qe8+ Kg7 35. Qxc8 Bd4+ 36. Kh1 Be5 $19 {[%csl Rg3,
Rh2]}) 33... Ba6 34. Ne2 Rd1 ({The pin on a6-f1 diagonal is simply decisive,
white simply losing material for example:} 34... Rd1 35. Bf4 Qd3 {[%csl Ge2,
Gf1]}) 0-1

[Event "BIH-chT"]
[Site "Neum"]
[Date "2002.06.04"]
[Round "4.3"]
[White "Movsesian, Sergei"]
[Black "Cekro, Ekrem"]
[Result "1-0"]
[WhiteElo "2624"]
[BlackElo "2419"]
[Annotator "Avrukh,B"]
[PlyCount "83"]
[EventDate "2002.06.02"]
[EventType "team"]
[EventRounds "9"]
[EventCountry "BIH"]
[SourceTitle "CBM 090"]
[Source "ChessBase"]
[SourceDate "2002.09.20"]
[SourceVersion "1"]
[SourceVersionDate "2002.09.20"]
[SourceQuality "1"]
[WhiteTeam "Sarajevo Bosna"]
[BlackTeam "Sarajevo"]
[WhiteTeamCountry "BIH"]
[BlackTeamCountry "BIH"]

1. e4 d6 2. d4 Nf6 3. Nc3 g6 4. Be3 c6 5. h3 Nbd7 6. f4 Qb6 $5 $146 (6... b5 7.
Qf3 b4 8. Nb1 Bb7 9. Nd2 Bg7 10. Bd3 Qc7 11. Ne2 O-O 12. g4 c5 $1 13. c3 (13.
d5 e6 $1) 13... bxc3 14. bxc3 cxd4 15. cxd4 Qa5 $11 {[%cal Gb7a6] 1/2-1/2
Stefanovski,D-Bogdanovski,V/Struga 1991/EXT 99 (108)}) (6... e5 $6 7. Qf3 Bg7
8. dxe5 $1 dxe5 9. f5 Qa5 10. g4 {[%cal Gg4g5]} b5 11. Bd3 (11. g5 Nh5 12. f6
Bf8 $13) 11... b4 12. Nd1 Nc5 13. Ne2 gxf5 14. gxf5 Nxd3+ 15. cxd3 Ba6 16. Nc1
$5 {[%cal Gc1b3,Gb3c5]} Bf8 17. Nf2 Rg8 18. Nb3 Qb5 19. O-O-O $16 {1-0
Sveshnikov,E-Komljenovic,D/Torcy 1991/TD (50)}) 7. a3 $6 {Typical idea,but in
ths position gives black opportunity to create serious counterplay} ({I would
recommend} 7. Qc1 $142 $1 {[%csl Ge3] not allowing black to play e7-e5} Bg7 8.
Nf3 O-O 9. Bd3 {and black queen is bad-placed on b6}) 7... e5 (7... Qxb2 $140
$2 8. Na4 {[%csl Rb2]}) 8. Nf3 (8. fxe5 dxe5 9. Nf3 exd4 10. Bxd4 Bc5 $11) 8...
Bh6 $1 {[%csl Ge3,Gf4]} 9. g3 Nh5 {[%csl Gf4,Gg3]} (9... exf4 $143 $2 10. Bxf4
Bxf4 11. gxf4 Nh5 12. Bc4 $1 Nxf4 13. Qd2 Ne6 14. O-O-O $32) 10. Qc1 (10. Rg1
$5 {was really very interesting alternative} O-O (10... exf4 $140 11. Bd2 Nxg3
(11... O-O 12. g4 $1) 12. Rxg3 fxg3 13. Bxh6 $16) 11. Na4 (11. Qd2 $143 exf4 $1
12. gxf4 Qxb2 13. Ra2 Qb6 $17) 11... Qc7 12. Qd2 {with very complicated play})
10... Nxg3 $1 (10... exf4 11. gxf4 Bxf4 (11... Ng3 12. Rg1 Nxf1 13. Rxf1 O-O)
12. Bxf4 Nxf4 13. Qd2 $1 {[%cal Ge1c1]} Nh5 14. O-O-O $36 {[%csl Ge8]}) 11.
dxe5 Qd8 ({Dangerous was:} 11... Bxf4 12. Bxf4 Nxh1 13. Qd2 {[%csl Gh1][%cal
Gf1g2]} Nxe5 14. Nxe5 (14. Bxe5 $2 dxe5 15. Qh2 O-O 16. Qxh1 $2 Qxb2 $19) 14...
dxe5 15. Bxe5 (15. Be3 Qd8 $1 $17) 15... O-O 16. O-O-O (16. Na4 $143 Qd8 17.
Qxd8 Rxd8 18. Bg2 Re8 $1 19. Bh2 Bxh3 $1 20. Bxh1 Bf5 21. Nc3 Bxe4 22. Nxe4 f5
$13) 16... Be6 17. Na4 $1 Qf2 18. Qh6 f6 19. Bd4 Qf3 20. Nc5 $40) (11... Qa5
12. Rg1 Nxf1 13. Rxf1 dxe5 14. fxe5 Bg7 (14... Bxe3 15. Qxe3 Nxe5 16. O-O-O O-O
17. Qh6 Nxf3 18. Rxf3 $44) 15. Bh6 $1 Bxe5 16. Nxe5 Nxe5 17. Qf4 $44) 12. Rg1
Nxf1 13. Rxf1 dxe5 14. fxe5 Bg7 {[%csl Ge5]} 15. Bh6 $2 (15. Qd2 $142 $1 O-O
16. O-O-O (16. Bh6 Nxe5 $1 $17) 16... Qe7 17. Bg5 (17. Qf2 $143 b6 {[%csl Gc5]
[%cal Gc8a6]}) 17... Qe6 (17... Qe8 18. Qf4 Nxe5 19. Bf6 $44) (17... Qc5 18.
Qf4 (18. Qd6 Re8) 18... Nxe5 19. Bf6 $44) 18. Bh6 Nxe5 19. Bxg7 Kxg7 20. Qf4
$44) 15... O-O $2 (15... Bxe5 $1 16. Qe3 (16. Nxe5 Qh4+ 17. Rf2 Nxe5 18. Bg7 (
18. Qf4 Qxf4 19. Bxf4 f6 $17) 18... Nf3+ 19. Ke2 Rg8 20. Rxf3 Rxg7 21. Qe3 Be6
$17 {[%cal Ge6c4,Ge8c8]}) (16. Qd2 {[%cal Ge1c1]} Bg3+ 17. Kd1 Qe7) 16... Bg3+
17. Ke2 b6 $17 {[%cal Gc8a6]}) 16. Bxg7 Kxg7 17. Qd2 Qe7 (17... Nb6 $143 18.
Qf4 $36) 18. Qh2 (18. Qf4 f6 $1 19. exf6+ Nxf6 20. Qh4 (20. O-O-O Bxh3) 20...
Re8 $15 {[%csl Ge4]}) 18... a5 (18... Re8 19. Qf4 {[%csl Gf7]}) 19. O-O-O a4 $2
{[%cal Ga8a5]} (19... b5 $142 $1 {[%cal Gb5b4]} 20. Ne2 (20. Rd6 b4 21. Na4
bxa3 22. b3 Re8 $17) 20... b4 21. a4 Ba6 22. Rf2 Bxe2 23. Rxe2 Rae8 $15) 20.
Rd4 {[%csl Ga4]} Ra5 21. Rxa4 Rc5 (21... Rxa4 $2 22. Nxa4 Re8 23. Qf4 $16) 22.
Qg3 Nxe5 23. Nd4 Kh8 (23... Nc4 24. Nf5+ Bxf5 25. exf5 Qe3+ 26. Qxe3 Nxe3 27.
f6+ Kh6 28. Re1 Re5 $13) 24. Nb3 Rc4 25. Ra8 {[%csl Gc4]} Kg7 $2 (25... b5 $1 {
was really necessary in order to save the rook} 26. Qe3 (26. Nd2 Rd4 27. Nf3
Nxf3 28. Qxf3 Kg7 $11) 26... b4 27. Nb1 {[%cal Gb1d2]} bxa3 28. Nxa3 Rb4 $11)
26. Qe3 $1 {[%csl Gc4]} Bxh3 (26... Qd7 27. Rh1 Rd8 28. Na5 Rd4 29. Nd5 $1) (
26... b5 27. Nd2 Rc5 28. b4 $16) 27. Rxf8 Bxf1 28. Ra8 Qf6 (28... Qh4 29. Kb1)
29. Kb1 Ng4 30. Qg3 Ne5 31. Re8 Nf3 32. Qb8 $1 $16 {Black piecies very bad
placed all over the board ,rook on c4 is almost traped and at the same time
white starts to create serious attack} Rxc3 (32... b5 33. e5 (33. Rg8+ $140 Kh6
34. Na5 {[%csl Rc4]} Rxc3 $1 35. bxc3 Qxc3 $132) 33... Qf5 34. Qd6 {[%cal
Gd6f8]} Kh6 35. e6 $3 fxe6 36. Rf8 {[%csl Gf1,Gf3,Gf5]} Qh5 37. Qg3 $18) 33.
bxc3 Bc4 (33... Qxc3 34. Rg8+ (34. Qd6 Kh6 35. Qf8+ (35. Qf4+ Kg7) 35... Kg5 $1
(35... Qg7 36. Qc5 Qf6 37. e5 Qf4 38. e6 $1 fxe6 39. Rf8 Qe4 40. Rf7 {[%cal
Gc5f8]} Bg2 $8 41. Qf8+ Kg5 42. Rxh7 $16 {[%csl Gg5]}) 36. Qxf7 Bc4) 34... Kh6
35. Qf4+ g5 36. Qf5 $1 (36. Qxf7 Bc4 37. Qf8+ Kh5 $13) 36... Bc4 $140 $2 37.
Qh3+ Nh4 38. Qxc3) 34. Rg8+ Kh6 35. Qf8+ Kg5 36. Qc5+ Ne5 37. Re8 Be6 38. Nd4
$1 b5 $2 {Losing immediately} (38... Kh6 $8 39. Nxe6 (39. Qf8+ Kg5) 39... fxe6
40. a4 $1 $16 {[%csl Gb5][%cal Gb7b5]} (40. Rf8 Nd7 41. Qe3+ Qg5 42. Rf4 {
[%cal Gf4h4]} Nf6 $1 $13)) 39. Nxe6+ fxe6 40. Rf8 $1 Qg7 41. Qe3+ {[%csl Rg5]}
Kh4 42. Rf1 {Black is hopeless against white attack} 1-0